|
|
|
|
| LEADER |
00000nab#a22000007a#4500 |
| 001 |
arbauad009919 |
| 003 |
AR-BaUAD |
| 005 |
20250711111012.0 |
| 008 |
950329|||||||||###||||||b###|0###a|spa|| |
| 040 |
|
|
|a AR-BaUAD
|c AR-BaUAD
|b spa
|
| 100 |
|
|
|a Flagge, Ingeborg
|
| 245 |
|
|
|a Una obra maestra, pequeña pero exquisita :
|b en Bonn se inauguró la nueva sala Beethoven para música de cámara /
|c Ingeborg Flagge;
|
| 300 |
0 |
|
|b il., fot.
|
| 653 |
|
|
|a EDIFICIOS CULTURALES
|
| 653 |
|
|
|a AUDITORIOS
|
| 653 |
|
|
|a BONN
|
| 653 |
|
|
|a ALEMANIA
|
| 773 |
0 |
|
|t Humboldt
|g año 30, no. 97 [1989], p. 68-71
|
| 942 |
|
|
|c ARTI
|
| 952 |
|
|
|0 0
|1 0
|4 0
|7 0
|9 54839
|a AR-BAuAD
|b AR-BAuAD
|d 2025-07-11
|l 0
|p AAQA009919
|r 2025-07-11 11:10:12
|w 2025-07-11
|y ARTI
|
| 990 |
|
|
|a CO198
|b TD
|
| 998 |
|
|
|a AAQ
|b BIBUN76
|
| 999 |
|
|
|c 34512
|d 34512
|